Deutsche Literatur - Fin de siècle/Symbolismus/Wiener Moderne - Statistiken

Allgemein
  • Dieses Quiz wurde 30 mal gespielt
  • Das Durchschnittsergebnis liegt bei 8 aus 24
Antwortstatistiken
Frage Antwort % Korrekt
Beherrschender Epochenname in der Malerei (Claude Monet u.a.) Impressionismus
100%
Kunstideal "L' art pour ______" ("Kunst um der ______ willen") l' art
74%
Berühmtestes, goldenes Kunstwerk Gustav Klimts Der Kuss
68%
Stereotyper Treffpunkt Wiener Literaten ("__________kultur") Kaffeehaus
58%
Neuetabliertes ärztliches Verfahren (Sigmund Freud) Psychoanalyse
58%
Komponist, für den Hofmannsthal u.a. das Libretto des "Rosenkavaliers" schrieb Richard Strauss
53%
Tier hinter Gitterstäben in bekanntem Gedicht Panther
47%
Ort einer Künstlerkolonie um Heinrich Vogeler bei Bremen Worpswede
42%
Oper von Alban Berg nach Vorbild von Frank Wedekind Lulu
37%
Prager Dichter, deutscher Hauptvertreter des "Fin de siècle" (1875-1926) Rainer Maria Rilke
37%
Regiesseur der Adaption von Schnitzlers "Traumnovelle", "Eyes wide shut" (1999) Stanley Kubrick
37%
Wiederholte Wirkungsstelle des Dichters in der Toscana Florenz
32%
Geliebte Jedermanns Buhlschaft
26%
Werk Nietzsches zur Vergänglichkeit des Hergebrachten: Götzen-________ Dämmerung
16%
Gruppe um den symbolistischen Dichter Stefan George George-Kreis
16%
Literarisches Verfahren, prominent in Schnitzlers Erzählung "Fräulein Else" Innerer Monolog
16%
Anzahl vollenderter Sinfonien Gustav Mahlers Neun
16%
"Zögling" in Adolszenzroman Robert Musils Törleß
16%
Attribut des Parks in Georges berühmten Gedicht ("Komm in den ______ Park ...") totgesagt
16%
Jahr mit erster Aufführung des "Jerdemanns" bei den Salzburger Festspielen 1920
11%
Selbstbezeichnung für eigenes Literaturprogramm (Hermann Bahr, 1890: "Die _____") Moderne
11%
Schriftstellerin und beüchtigte Dichtermuse Lou Andreas-Salome
5%
Österreichische Journalistin, Betreiberin eines berühmten Salons Berta Zuckerkandl
0%
Militärischer Rang von Schnitzlers Titelfigur Gustl Lieutnant
0%
Keine übereinstimmenden Quizze gefunden
Verteilung der Resultate
Anzahl Personen mit jedem Resultat
Perzentil nach korrekt beantworteten Fragen
Ihre Resultats-Entwicklung
Sie haben dieses Quiz noch nicht gespielt